000 00803nam a2200253Ia 4500
003 OSt
005 20220923230935.0
006 a|||||r|||| 00| 0
007 ta
008 220922b |||||||| |||| 00| 0 hin d
024 _a316,710
037 _cTextual
040 _aARTS
_cARTS
_bhin
041 _2hin
_ahin
082 _aW,8, 152N5
100 _aजौहरी., जे.सी., ले.
245 0 _aलोक प्रशासन
246 _aLok prashāsana
260 _aछमू क्मसीप
_b ैजमतसपदह च्नइसपेीमते
_c1995
300 _aiii,263p
_ccm.
650 _aभारतीय राजनीति
_9156264
942 _hW,8, 152N5
_cTEXL
_2CC
999 _c388377
_d388377